Interní audit a směrnice BIS

Materiál Bazilejského výboru pre bankový dohľad týkajúci sa interného auditu v bankových organizáciách (kompletný materiál ako publikácia No. 72 je prístupný na internete http://www.bis.org/publ/index.htm). Definícia, ciele, úlohy a zásady interného auditu. Vzťahy orgánov dohľadu, interného auditu a...

Ausführliche Beschreibung

Gespeichert in:
Bibliographische Detailangaben
1. Verfasser: Báčová, Jana
Format: Buchkapitel
Sprache:Tschechisch
Schlagworte:
Tags: Tag hinzufügen
Keine Tags, Fügen Sie das erste Tag hinzu!

MARC

LEADER 00000naa a2200000 4500
001 r042277
005 20231004072040.9
041 0 |a cze 
044 |a CZ 
245 1 0 |a Interní audit a směrnice BIS  |c Jana Báčová 
520 |a Materiál Bazilejského výboru pre bankový dohľad týkajúci sa interného auditu v bankových organizáciách (kompletný materiál ako publikácia No. 72 je prístupný na internete http://www.bis.org/publ/index.htm). Definícia, ciele, úlohy a zásady interného auditu. Vzťahy orgánov dohľadu, interného auditu a externého audítora. Výbor pre audit. Outsourcing interného auditu. 
610 2 0 |a audit interný 
610 2 0 |a banky 
610 2 0 |a dohľad bankový 
610 2 0 |a pojmy 
610 2 0 |a audítori 
610 2 0 |a outsourcing 
610 2 0 |a Bazilejský výbor pre bankový dohľad 
100 1 |a Báčová, Jana